| Поле | Название | Значение |
| |
Тип записи |
a |
| |
Библиографический уровень |
m |
| 001 |
Контрольный номер |
22c87ef96adb484baaf30f4753591b74 |
| 005 |
Дата корректировки |
20201206205152.2 |
| 010 |
Индекс ISBN |
__ |
| a |
ISBN |
978-5-17-982571-5 (в пер.) |
| d |
Цена |
250-58, 1500 экз. |
| 100 |
Данные общей обработки |
__ |
| a |
Данные общей обработки |
19181210d2017||||||| 0rusy0189 ca |
| 101 |
Язык документа |
0_ |
| a |
Язык текста |
rus |
| 102 |
Страна публикации |
__ |
| a |
Страна публикации |
ru| |
| 102 |
Страна публикации |
__ |
| a |
Страна публикации |
RU |
| 105 |
Кодированные данные (монография) |
__ |
| a |
Кодированные данные (монография) |
#|||||||000zy |
| 200 |
Заглавие и сведения об ответственности |
1_ |
| a |
Заглавие |
Селфи человека-невидимки |
| e |
Сведения, относящиеся к заглавию |
[роман] |
| f |
Первые сведения об ответственности |
Наталья Александрова |
| b |
Общее обозначение материала |
Текст |
| 210 |
Выходные данные |
__ |
| a |
Место издания |
Москва |
| c |
Издательство |
АСТ |
| c |
Издательство |
Жанры |
| c |
Издательство |
Жанровая литература |
| d |
Дата издания |
2017 |
| 215 |
Физическое описание |
__ |
| a |
Объем |
319 с. |
| d |
Формат |
21 см |
| 225 |
Серия |
__ |
| a |
Серия |
Иронический детектив |
| 330 |
Аннотация |
__ |
| a |
Аннотация |
Бывший циркач-многостаночник Леня по прозвищу Маркиз и его верная соратница Лола принимаются за очередное запутанное дело. Однако на этот раз все с самого начала пошло не так. Мало того что Леню похитили, как барана на шашлык, так еще и потенциальный заказчик был окутан такой завесой таинственности, что добыть какую-либо информацию о нем и его деле оказалось не легче, чем сдвинуть с места постамент "Медного всадника". Впервые в жизни Леня оказался в тупике. Если об этом станет известно, репутации Маркиза как чрезвычайно ловкого, неболтливого человека, который способен разрулить самую щекотливую ситуацию, конец. Но пока он думал, как с наименьшими потерями выпутаться из сложной ситуации, ему на выручку пришла умница и красавица Лола. |
| 333 |
Примечание о целевом назначении |
__ |
| a |
Примечание о целевом назначении |
16+. Для детей старше 16 лет |
| 606 |
Тематические рубрики |
__ |
| a |
Основная рубрика |
Художественная литература |
| 606 |
Тематические рубрики |
__ |
| a |
Основная рубрика |
Современная русская литература (произведения) |
| 610 |
Ключевые слова |
__ |
| a |
Ключевые слова |
детективные романы |
| 610 |
Ключевые слова |
__ |
| a |
Ключевые слова |
детективы |
| 610 |
Ключевые слова |
__ |
| a |
Ключевые слова |
романы |
| 610 |
Ключевые слова |
__ |
| a |
Ключевые слова |
тема загадок |
| 610 |
Ключевые слова |
__ |
| a |
Ключевые слова |
тема мистики |
| 610 |
Ключевые слова |
__ |
| a |
Ключевые слова |
тема похищений |
| 610 |
Ключевые слова |
__ |
| a |
Ключевые слова |
иронические детективы |
| 610 |
Ключевые слова |
__ |
| a |
Ключевые слова |
тема расследований |
| 610 |
Ключевые слова |
__ |
| a |
Ключевые слова |
тема смерти |
| 686 |
Индексы других классификаций |
__ |
| 2 |
Код системы |
rubbks |
| a |
Классификационный индекс |
84(2=411.2)6-445; ст84(2Рос=Рус)6-4 |
| 700 |
Автор |
_1 |
| a |
Фамилия |
Александрова |
| b |
Имя |
Н. Н. |
| g |
Полное личное имя |
Наталья Николаевна |
| 4 |
Код отношения |
070 |
| 801 |
Источник записи |
_0 |
| a |
Страна |
ru |
| b |
Организация |
Муниципальное бюджетное учреждение культуры "Централизованная библиотечная система" г. Сургут (Центральная городская библиотека им. А. С. Пушкина) |
| c |
Дата составления |
20181210 |
| g |
Правила каталогизации |
PSBO |
| 801 |
Источник записи |
_1 |
| a |
Страна |
ru |
| b |
Организация |
Муниципальное бюджетное учреждение культуры "Централизованная библиотечная система" г. Сургут (Центральная городская библиотека им. А. С. Пушкина) |
| c |
Дата составления |
20181210 |
| g |
Правила каталогизации |
PSBO |
| 852 |
Данные о местонахождении |
__ |
| j |
Шифр хранения |
84(2=411.2)6-445 |
| i |
Авторский знак |
А 46 |
| 901 |
Тип документа |
__ |
| t |
Тип документа |
m |
| a |
Ответственный |
ООФиК/Зворыгина |
| 903 |
Характеристики (МАРС) |
__ |
| a |
Дата передачи |
20181210 |
| 990 |
Данные о заказе (DOS) |
__ |
| j |
Количество экземпляров (DOS) |
5 |
| t |
N записи в КСУ для И/У (DOS) |
201811 |